000 00281nam a22001337a 4500
008 180921b xxu||||| |||| 00| 0 eng d
020 _a9780395294574
041 _aeng
080 _a721
100 _a41
101 _aNDE
245 _aUnbuilding
_cMacaulay, D
942 _2udc
_cBK
999 _c48209
_d48209